00506 2200193 4500001002100000005001500021035002000036245004700056100002400103250001000127300003400137260003600171082000800207084001400215020001800229650001000247008004100257990001400298INLIS00000000000204920260511101201 a0010-05260000021 aEtika Profesi Hukum /cSuhrawardi K. Lubis0 aSuhrawardi K. Lubis acet X a118 hlm. :bilus. ;c20,5 cm. aJakarta :bSinar Grafika,c2017 a174 a174 SUH e a979-8061-52-7 4aHukum260511 0 ind  a201700258